Cuentos completos (Registro nro. 104222)
[ vista simple ]
| 000 -LEADER | |
|---|---|
| fixed length control field | 00859nam a22002417a 4500 |
| 005 - DATE AND TIME OF LATEST TRANSACTION | |
| control field | 20240624092241.0 |
| 008 - FIXED-LENGTH DATA ELEMENTS--GENERAL INFORMATION | |
| fixed length control field | 211202b mx ||||| |||| 00| 0 spa d |
| 020 ## - INTERNATIONAL STANDARD BOOK NUMBER | |
| International Standard Book Number | 9682708222 |
| 050 04 - LIBRARY OF CONGRESS CALL NUMBER | |
| Classification number | PQ7297.A48 |
| Item number | G85 2002 |
| 050 04 - LIBRARY OF CONGRESS CALL NUMBER | |
| Classification number | PQ7298.1.G85 |
| Item number | A6 2002 |
| 100 1# - MAIN ENTRY--PERSONAL NAME | |
| Personal name | Agustín, José |
| 245 10 - TITLE STATEMENT | |
| Title | Cuentos completos |
| Remainder of title | : 1968-2002 |
| Statement of responsibility, etc | / José Agustín ; introducción vaquera de Luis Humberto Crosthwaite |
| 250 ## - EDITION STATEMENT | |
| Edition statement | 1a ed. |
| 260 ## - PUBLICATION, DISTRIBUTION, ETC. (IMPRINT) | |
| Place of publication, distribution, etc | México : |
| Name of publisher, distributor, etc | Joaquín Mortiz, |
| Date of publication, distribution, etc | 2002 |
| 300 ## - PHYSICAL DESCRIPTION | |
| Extent | 421 p. ; |
| Dimensions | 22 cm. |
| 490 0# - SERIES STATEMENT | |
| Series statement | Narradores Contemporáneos |
| 600 14 - SUBJECT ADDED ENTRY--PERSONAL NAME | |
| Personal name | Agustín, José, |
| Dates associated with a name | 1944-2024 |
| Form subdivision | Antologías |
| 650 #7 - SUBJECT ADDED ENTRY--TOPICAL TERM | |
| Source of heading or term | lemb |
| Topical term or geographic name as entry element | Literatura mexicana |
| Chronological subdivision | Siglo XX |
| 650 #7 - SUBJECT ADDED ENTRY--TOPICAL TERM | |
| Source of heading or term | lemb |
| Topical term or geographic name as entry element | Cuento mexicano |
| Chronological subdivision | Siglo XX |
| Form subdivision | Antologías |
| 650 #7 - SUBJECT ADDED ENTRY--TOPICAL TERM | |
| Source of heading or term | lemb |
| Topical term or geographic name as entry element | Autores mexicanos |
| Chronological subdivision | Siglo XX |
| Form subdivision | Antologías |
| 700 1# - ADDED ENTRY--PERSONAL NAME | |
| Personal name | Crosthwaite, Luis Humberto, |
| Relator term | prologuista |
| 942 ## - ADDED ENTRY ELEMENTS (KOHA) | |
| Source of classification or shelving scheme | Biblioteca del Cogreso de los Estados Unidos |
| Koha item type | Libro |
| Estado de pérdida | Fuente de clasificación | Estado del daño | No para préstamo | Ubicación permanente | Ubicación actual | Apartado o colección | Fecha de adquisición | Edición | Área del conocimiento | Clasificación | Código de Barras | Date last seen | Número de copia | Costo por reposición | Tipo de recurso | Total Checkouts |
|---|---|---|---|---|---|---|---|---|---|---|---|---|---|---|---|---|
| Biblioteca del Cogreso de los Estados Unidos | Biblioteca de la Preparatoria Isaac Arriaga | Biblioteca de la Preparatoria Isaac Arriaga | Literatura | 02/12/2021 | 1a ed. | Educación y Humanidades | PQ7298.1.G85 A6 2002 | PIA000006484 | 02/12/2021 | 1 | 1.00 | Libro | ||||
| Biblioteca del Cogreso de los Estados Unidos | Biblioteca de la Preparatoria José Ma. Morelos | Biblioteca de la Preparatoria José Ma. Morelos | Literatura | 26/11/2019 | 1. ed | Educación y Humanidades | PQ7297 .A48 G85 2002 | PJM000001258 | 26/11/2019 | 1 | 1.00 | Libro | ||||
| Biblioteca del Cogreso de los Estados Unidos | Biblioteca de la Preparatoria Melchor Ocampo | Biblioteca de la Preparatoria Melchor Ocampo | Literatura | 14/06/2024 | 1a ed. | Educación y Humanidades | PQ7298.1.G85 A6 2002 | PMO000004920 | 14/06/2024 | 1 | 1.00 | Libro |